000 00551nam a22002057a 4500
001 000039351
003 DO-SdBNP
005 20240227073914.0
007 ta
008 130625s1942 dr c 000 0 spa d
040 _aDO-SdBNP
_bspa
_cBNPHU
082 _axxx
_bL864d
100 1 _aHenríquez Ureña, Max,
_d1885-1968
_92621
245 1 0 _aDemocracia y redentorismo /
_cJulian López Pineda
260 _aManagua, Nicaragua
_bGurdián,
_c1942
300 _a142p. ;
_c19 cm.
590 _aInventariado, 2022 / DG
910 _aDG
942 _2ddc
_cLBS1
999 _c51392
_d51392